{"text_format":"3","workbook":"xls","n_sheets":3,"sheets":["Sheet1","Sheet2","Sheet3"],"read":"whole","date_system":"1900","formulas":"cached_only"}

{"sheet":"Sheet1","index":0,"n_rows":84,"n_cols":10,"rows_kept":84,"merged":[[1,0,2,8],[82,0,82,5],[83,0,84,7]],"flags":["formulas_cached_only"]}
["附件："]
["淳安县第一民医院电脑耗材报价清单"]
[]
["序号","物资名称","规格型号","品牌","单位","年度参考数量","参考单价（元）","年度参考金额（元）","单价","备注"]
[1,"复印纸","A4纸","秋乐","包",6730,{"v":15.8,"d":"15.80"},{"v":106334,"d":"106334.00"},null,"标注纸张克数"]
[2,"复印纸","A5纸（标注纸张克数）","秋乐","包",3020,{"v":7.8,"d":"7.80"},{"v":23556,"d":"23556.00"},null,"标注纸张克数"]
[3,"复印纸","A5纸彩色（标注纸张克数）","秋乐","包",20,{"v":13,"d":"13.00"},{"v":260,"d":"260.00"},null,"标注纸张克数"]
[4,"复印纸","A3纸（标注纸张克数）","秋乐","包",5,{"v":30,"d":"30.00"},{"v":150,"d":"150.00"},null,"标注纸张克数"]
[5,"复印纸","A4纸彩色（标注纸张克数）","秋乐","包",40,{"v":26,"d":"26.00"},{"v":1040,"d":"1040.00"},null,"标注纸张克数"]
[6,"复印纸","241-1","秋乐","包",70,{"v":38,"d":"38.00"},{"v":2660,"d":"2660.00"}]
[7,"热敏纸","60*40*500","艾利","卷",3468,{"v":8.5,"d":"8.50"},{"v":29478,"d":"29478.00"}]
[8,"热敏纸","80*60（3卷/筒）","如歌","卷",1800,{"v":2.5,"d":"2.50"},{"v":4500,"d":"4500.00"}]
[9,"热敏纸","50*（50+30）500/卷--（4卷/筒）","如歌","卷",400,{"v":9.5,"d":"9.50"},{"v":3800,"d":"3800.00"}]
[10,"热敏纸","50*30（1000卷）--（2卷/筒）","艾利","卷",1180,{"v":10.5,"d":"10.50"},{"v":12390,"d":"12390.00"}]
[11,"热敏纸","54*40（医废三防热敏纸）","如歌","卷",107,{"v":2.8,"d":"2.80"},{"v":299.59999999999997,"d":"299.60"}]
[12,"热敏纸","财务110*100","冠豪","卷",417,{"v":15,"d":"15.00"},{"v":6255,"d":"6255.00"}]
[13,"热敏纸","44*30","友联","卷",50,{"v":2,"d":"2.00"},{"v":100,"d":"100.00"}]
[14,"热敏纸","50*（50+30）检验科黄色","艾利","卷",70,{"v":18,"d":"18.00"},{"v":1260,"d":"1260.00"}]
[15,"热敏纸","挂号80*100","如歌","卷",1152,{"v":9,"d":"9.00"},{"v":10368,"d":"10368.00"}]
[16,"心电图纸","210*295-200P","天津兆升","本",10,{"v":18,"d":"18.00"},{"v":180,"d":"180.00"}]
[17,"心电图纸","210*140-20M/140（征兵","天津兆升","本",80,{"v":20,"d":"20.00"},{"v":1600,"d":"1600.00"}]
[18,"心电图纸","76*20--（3卷/筒）","天津广大","本",100,{"v":5,"d":"5.00"},{"v":500,"d":"500.00"}]
[19,"心电图纸","80*20--（2卷/筒）","天津兆升","卷",200,{"v":5,"d":"5.00"},{"v":1000,"d":"1000.00"}]
[20,"心电图纸","57*20","天津兆升","卷",50,{"v":3.5,"d":"3.50"},{"v":175,"d":"175.00"}]
[21,"胎儿监护纸","150*100--（5本/盒）","天津兆升","本",150,{"v":12,"d":"12.00"},{"v":1800,"d":"1800.00"}]
[22,"胎儿监护纸","152*90--（5本/盒）","天津兆升","本",100,{"v":19,"d":"19.00"},{"v":1900,"d":"1900.00"}]
[23,"不干胶标签","70*70*1300","冠豪","卷",852,{"v":24,"d":"24.00"},{"v":20448,"d":"20448.00"}]
[24,"硒鼓",2612,"宝利通","只",2144,{"v":68,"d":"68.00"},{"v":145792,"d":"145792.00"}]
[25,"硒鼓",388,"宝利通","只",57,{"v":68,"d":"68.00"},{"v":3876,"d":"3876.00"}]
[26,"硒鼓","国产HP254（黑、黄、蓝、红）","宝芝兰","只",235,{"v":68,"d":"68.00"},{"v":15980,"d":"15980.00"}]
[27,"硒鼓","进口HP254（黑）","惠普","只",144,{"v":400,"d":"400.00"},{"v":57600,"d":"57600.00"}]
[28,"硒鼓","进口HP254（黄、蓝、红）","惠普","只",181,{"v":450,"d":"450.00"},{"v":81450,"d":"81450.00"}]
[29,"硒鼓","格之格37A","格之格","只",9,{"v":285,"d":"285.00"},{"v":2565,"d":"2565.00"}]
[30,"硒鼓","格之格137A","格之格","只",5,{"v":158,"d":"158.00"},{"v":790,"d":"790.00"}]
[31,"硒鼓","435/佳能LBP3108","佳能","只",34,{"v":55,"d":"55.00"},{"v":1870,"d":"1870.00"}]
[32,"硒鼓","HP435","惠普","只",6,{"v":55,"d":"55.00"},{"v":330,"d":"330.00"}]
[33,"硒鼓",280,"MMC","只",3,{"v":50,"d":"50.00"},{"v":150,"d":"150.00"}]
[34,"硒鼓","XE228/268","MMC","只",5,{"v":50,"d":"50.00"},{"v":250,"d":"250.00"}]
[35,"硒鼓","228/耐力403D","耐力","只",12,{"v":120,"d":"120.00"},{"v":1440,"d":"1440.00"}]
[36,"硒鼓","HP252（黑）","惠普","只",3,{"v":400,"d":"400.00"},{"v":1200,"d":"1200.00"}]
[37,"硒鼓","HP252（黄、蓝、红）","惠普","只",3,{"v":480,"d":"480.00"},{"v":1440,"d":"1440.00"}]
[38,"墨盒","955（彩色）","惠普","只",10,{"v":135,"d":"135.00"},{"v":1350,"d":"1350.00"}]
[39,"墨盒","955（黑色）","惠普","只",2,{"v":200,"d":"200.00"},{"v":400,"d":"400.00"}]
[40,"墨盒","815（黑色）","佳能","只",11,{"v":120,"d":"120.00"},{"v":1320,"d":"1320.00"}]
[41,"墨盒","816（彩色）","佳能","只",5,{"v":150,"d":"150.00"},{"v":750,"d":"750.00"}]
[42,"墨盒","845（黑色）","佳能","只",2,{"v":100,"d":"100.00"},{"v":200,"d":"200.00"}]
[43,"墨盒","846（彩色）","佳能","只",2,{"v":130,"d":"130.00"},{"v":260,"d":"260.00"}]
[44,"墨盒","802（黑色）","惠普","只",45,{"v":60,"d":"60.00"},{"v":2700,"d":"2700.00"}]
[45,"墨盒","802（彩色）","惠普","只",18,{"v":98,"d":"98.00"},{"v":1764,"d":"1764.00"}]
[46,"墨盒",678,"惠普","只",4,{"v":65,"d":"65.00"},{"v":260,"d":"260.00"}]
[47,"粉仓","进口HP118A（彩色）","惠普","只",3,{"v":300,"d":"300.00"},{"v":900,"d":"900.00"}]
[48,"粉仓","进口HP118A（黑）","惠普","只",1,{"v":270,"d":"270.00"},{"v":270,"d":"270.00"}]
[49,"粉仓",268,"施乐","只",3,{"v":50,"d":"50.00"},{"v":150,"d":"150.00"}]
[50,"粉仓","MMC-1025","MMC","只",11,{"v":45,"d":"45.00"},{"v":495,"d":"495.00"}]
[51,"粉仓","HP230","格之格","只",16,{"v":60,"d":"60.00"},{"v":960,"d":"960.00"}]
[52,"粉仓","HP232","格之格","只",5,{"v":70,"d":"70.00"},{"v":350,"d":"350.00"}]
[53,"粉仓","兄弟3435","MMC","只",3,{"v":50,"d":"50.00"},{"v":150,"d":"150.00"}]
[54,"粉仓","BTN450","MMC","只",3,{"v":45,"d":"45.00"},{"v":135,"d":"135.00"}]
[55,"粉仓","HP1025","MMC","只",3,{"v":45,"d":"45.00"},{"v":135,"d":"135.00"}]
[56,"墨水",672,"爱普生","支",4,{"v":45,"d":"45.00"},{"v":180,"d":"180.00"}]
[57,"墨水",890,"佳能","瓶",6,{"v":48,"d":"48.00"},{"v":288,"d":"288.00"}]
[58," 色带框",1920,"天龙","个",140,{"v":16,"d":"16.00"},{"v":2240,"d":"2240.00"}]
[59,"色带框","天威ERC-05B","天威","个",16,{"v":23,"d":"23.00"},{"v":368,"d":"368.00"}]
[60,"1020定影组件",1020,"莱盛","套",25,{"v":160,"d":"160.00"},{"v":4000,"d":"4000.00"}]
[61,"2900定影组件",2900,"莱盛","套",42,{"v":160,"d":"160.00"},{"v":6720,"d":"6720.00"}]
[62,"内存条","金士顿16G","金士顿","根",24,{"v":300,"d":"300.00"},{"v":7200,"d":"7200.00"}]
[63,"内存条","4代8G","金士顿","根",7,{"v":110,"d":"110.00"},{"v":770,"d":"770.00"}]
[64,"内存条","4代8G","威刚","根",8,{"v":120,"d":"120.00"},{"v":960,"d":"960.00"}]
[65,"内存条","3代4G","海力士","根",114,{"v":90,"d":"90.00"},{"v":10260,"d":"10260.00"}]
[66,"内存条","3代8G","海力士","根",4,{"v":220,"d":"220.00"},{"v":880,"d":"880.00"}]
[67,"读卡器","德卡Z90","德卡","台",0,{"v":550,"d":"550.00"},{"v":0,"d":"0.00"}]
[68,"读卡器","德卡Z90H","德卡","台",1,{"v":850,"d":"850.00"},{"v":850,"d":"850.00"}]
[69,"读卡器","LA-CA2读卡器","楚唯","台",3,{"v":160,"d":"160.00"},{"v":480,"d":"480.00"}]
[70,"读卡器","门禁读卡器","楚唯","台",10,{"v":1250,"d":"1250.00"},{"v":12500,"d":"12500.00"}]
[71,"扫描枪","MS9540","霍尼韦尔","把",8,{"v":480,"d":"480.00"},{"v":3840,"d":"3840.00"}]
[72,"扫描枪","USB","浩顺","把",27,{"v":75,"d":"75.00"},{"v":2025,"d":"2025.00"}]
[73,"硬盘","1T/WD1000G串口德/等","西数/WD","个",14,{"v":300,"d":"300.00"},{"v":4200,"d":"4200.00"}]
[74,"移动硬盘","WDWD 1TB","西捷","个",2,{"v":300,"d":"300.00"},{"v":600,"d":"600.00"}]
[75,"紧急呼叫铃","德亮床头呼叫器","德亮","个",73,{"v":70,"d":"70.00"},{"v":5110,"d":"5110.00"}]
[76,"紧急呼叫铃","亚华床头呼叫器YH-6157","亚华","个",1,{"v":880,"d":"880.00"},{"v":880,"d":"880.00"}]
[77,"碳带","110*60混合碳带","库尔兹","卷",110,{"v":16.8,"d":"16.80"},{"v":1848,"d":"1848.00"}]
[78,"碳带","110*60（OUT）混合","库尔兹","卷",30,{"v":25,"d":"25.00"},{"v":750,"d":"750.00"}]
["合计",{"$nulls":6},{"v":624284.6,"d":"624284.60"}]
[" 备注："]

{"sheet":"Sheet2","index":1,"n_rows":0,"n_cols":0,"rows_kept":0,"flags":["formulas_cached_only"]}

{"sheet":"Sheet3","index":2,"n_rows":0,"n_cols":0,"rows_kept":0,"flags":["formulas_cached_only"]}